000 00575nam a2200217Ia 4500
005 20250505125013.0
008 008 250505s9999 xx 000 0 eng d
037 _aReference
040 _aLCO
_beng
_cLCO
041 _aeng
_2eng
084 _aZ2,7,26 R4
_qLCO
100 _aDesai, T.R.
_9684842
245 0 _aCommentary on Law on Limitation Act
_cT.R.Desai
250 _a13th
260 _aHaryana, India
_bLexis Nexis
_c2024
300 _a1400
365 _aINR
_b2796
650 _aLaw
942 _cREF
_hZ2,7,26 R4
999 _c1311043
_d1311043